| Tag |
First Indicator |
Second Indicator |
Subfields |
| LEADER |
00000cam a2200000 a 4500 |
| 001 |
in00000001634 |
| 005 |
20151007050621.0 |
| 008 |
981027s1998 vaua f000 0 eng d |
| 035 |
|
|
|a (OCoLC)40177774
|
| 035 |
|
|
|9 AJC3981AM
|
| 040 |
|
|
|a DGPO
|c DGPO
|d DLC
|d MvI
|d UtOrBLW
|
| 043 |
|
|
|a n-us---
|
| 049 |
|
|
|a UDOC
|
| 074 |
|
|
|a 0325
|
| 086 |
0 |
|
|a D 101.2:F 74/4
|
| 110 |
1 |
|
|a United States.
|b Army Air Forces.
|b Matériel Command.
|
| 245 |
1 |
0 |
|a Force protection :
|b "--to protect personnel, information, and critical resources--" /
|c U.S. Army Materiel Command.
|
| 246 |
3 |
0 |
|a To protect personnel, information, and critical resources
|
| 264 |
|
1 |
|a [Alexandria, Va.] :
|b The Command,
|c [1998?]
|
| 300 |
|
|
|a 31 pages :
|b color illustrations ;
|c 28 cm.
|
| 336 |
|
|
|a text
|b txt
|2 rdacontent
|
| 337 |
|
|
|a unmediated
|b n
|2 rdamedia
|
| 338 |
|
|
|a volume
|b nc
|2 rdacarrier
|
| 500 |
|
|
|a Cover title.
|
| 500 |
|
|
|a Shipping list number: 99-0016-P.
|
| 610 |
1 |
0 |
|a United States.
|b Army Air Forces.
|b Matériel Command.
|
| 650 |
|
0 |
|a Terrorism
|x Government policy
|z United States.
|
| 610 |
1 |
0 |
|a United States.
|b Department of Defense
|x Security measures.
|
| 999 |
|
|
|a MARS
|
| 999 |
f |
f |
|s a0cdf65a-bacf-3990-a184-b36b0a5b014c
|i 7245a5e8-e293-3e67-b253-3807a14e0fff
|t 0
|
| 952 |
f |
f |
|p normal
|a Texas A&M University
|b College Station
|c Sterling C. Evans Library
|d Evans: US Documents (Annex 5th floor)
|t 0
|e D 101.2:F 74/4
|h Superintendent of Documents classification
|i unmediated -- volume
|m A14824404736
|
| 998 |
f |
f |
|a D 101.2:F 74/4
|t 0
|l Evans: US Documents (Annex 5th floor)
|